000 00368 a2200169 4500
001 189228
020 _a978-85-01-08652-5
040 _cMagnum
100 _aMontaldi, Valeria
240 1 0 _aO mercador de lã
_lpor
245 1 0 _aO mercador de lã
300 _a404
362 0 _a2010
440 1 _aRecord
697 _aLITERATURA GERAL ESTRANGEIRA
942 _cBK
999 _c189228
_d189228